UBT Library

BEGINNING STATISTICS (Record no. 59345)

000 -LEADER
fixed length control field 00328nam a22001457a 4500
008 - FIXED-LENGTH DATA ELEMENTS--GENERAL INFORMATION
fixed length control field 230208b ||||| |||| 00| 0 eng d
020 ## - INTERNATIONAL STANDARD BOOK NUMBER
International Standard Book Number 9781932628685
041 ## - LANGUAGE CODE
Language code of text/sound track or separate title eng
080 ## - UNIVERSAL DECIMAL CLASSIFICATION NUMBER
Edition identifier SECOND EDITION
Universal Decimal Classification number 311
082 ## - DEWEY DECIMAL CLASSIFICATION NUMBER
Classification number 311WAR
100 ## - Rafti
Rafti 24
101 ## - Shkurtesa
Shkurtesa STATIS
245 ## - TITLE STATEMENT
Title BEGINNING STATISTICS
Statement of responsibility, etc WARREN
942 ## - ADDED ENTRY ELEMENTS (KOHA)
Source of classification or shelving scheme
Item type Books
Holdings
Withdrawn status Lost status Source of classification or shelving scheme Damaged status Not for loan Collection code Permanent location Current location Date acquired Total Checkouts Full call number Barcode Date last seen Price effective from Koha item type
          Koleksioni i përgjithshem UBT - Lipjan UBT - Lipjan 02/08/2023   311WAR 003-289 02/08/2023 02/08/2023 Books
          Koleksioni i përgjithshem UBT - Lipjan UBT - Lipjan 07/18/2023   311WAR 002-800080863 07/18/2023 07/18/2023 Books
UBT Library © 2015-2024. All rights reserved University Education for Business and Technology